[Event "DEM U10/U10w 2015"]
[Site "Willingen GER"]
[Date "2015.05.26"]
[Round "5"]
[White "Krastev, Alexander"]
[Black "Wagner, Leopold Franziskus"]
[Result "1/2-1/2"]
[Termination "normal"]
[Board "1"]
[WhiteElo "1940"]
[BlackElo "1803"]
[WhiteClock "00:52:53"]
[BlackClock "00:14:11"]
[PlyCount "49"]
[WhiteFideId "12989983"]
[BlackFideId "1641581"]
[EventCountry "GER"]
[EventRounds "11"]
[EventType "swiss"]
[EventDate "2015.05.23"]

1. e4 c5 2. Nf3 d6 3. c3 g6 4. d4 cxd4 5. cxd4 Bg7 6. Nc3 e6 7. Be3 Ne7 8. Be2
a6 9. O-O O-O 10. Rc1 Bd7 11. Qb3 b5 12. Qa3 Bc6 13. Rfd1 d5 14. e5 Bb7 15. Bg5
Nbc6 16. Nxd5 exd5 17. Rxc6 b4 18. Qxb4 Nxc6 19. Qxb7 Qc8 20. Qb3 Qd7 21. Rc1
Rfb8 22. Qa3 Bf8 23. Qc3 Rc8 24. Qd2 Nd8 25. Rxc8 1/2-1/2

[Event "DEM U10/U10w 2015"]
[Site "Willingen GER"]
[Date "2015.05.26"]
[Round "5"]
[White "Kirchner, Markus"]
[Black "Weihrauch, Jakob"]
[Result "1-0"]
[Termination "normal"]
[Board "2"]
[WhiteElo "1633"]
[BlackElo "1594"]
[WhiteClock "00:13:44"]
[BlackClock "00:32:42"]
[PlyCount "98"]
[WhiteFideId "12979163"]
[BlackFideId "16210115"]
[EventCountry "GER"]
[EventRounds "11"]
[EventType "swiss"]
[EventDate "2015.05.23"]

1. e4 c5 2. Nf3 d6 3. d4 cxd4 4. Nxd4 Nf6 5. f3 a6 6. c4 e6 7. Be3 Be7 8. Nc3
Qc7 9. Be2 Nbd7 10. O-O O-O 11. Rc1 b6 12. Nb3 Bb7 13. Qd2 Nc5 14. Qc2 Rac8 15.
Nxc5 bxc5 16. Rfd1 Bc6 17. Bf1 Rb8 18. b3 Rb7 19. Bf4 Rd8 20. Rd2 Qb8 21. Rcd1
Rbd7 22. Bg3 Nh5 23. Bf2 Bg5 24. Re2 Nf4 25. Ree1 e5 26. Nd5 Nxd5 27. exd5 Bb7
28. Qf5 Bh6 29. Bh4 f6 30. Bd3 g6 31. Qxf6 Re8 32. Bf5 Rf7 33. Be6 Rxe6 34.
Qxe6 Qf8 35. Qg4 Bf4 36. Bg5 Bc8 37. Qh4 Rf5 38. Bxf4 Rxf4 39. Qf2 g5 40. h3 h5
41. Qg3 Qf6 42. Re4 Rf5 43. Rde1 Kf7 44. h4 Kg6 45. Qf2 g4 46. Qg3 Rf4 47. fxg4
Bxg4 48. Rxf4 exf4 49. Qf2 Qd8 1-0

[Event "DEM U10/U10w 2015"]
[Site "Willingen GER"]
[Date "2015.05.26"]
[Round "5"]
[White "Kodalle, Dominik"]
[Black "Lutz, Ruben"]
[Result "0-1"]
[Termination "normal"]
[Board "3"]
[WhiteElo "1230"]
[BlackElo "1524"]
[WhiteClock "00:39:02"]
[BlackClock "00:20:38"]
[PlyCount "78"]
[WhiteFideId "16208722"]
[BlackFideId "12975974"]
[EventCountry "GER"]
[EventRounds "11"]
[EventType "swiss"]
[EventDate "2015.05.23"]

1. e4 e6 2. d4 d5 3. e5 c5 4. c3 Nc6 5. Nf3 Qb6 6. Bd3 cxd4 7. cxd4 Bd7 8. Be2
Nge7 9. O-O Nf5 10. Nc3 Nfxd4 11. Nxd4 Qxd4 12. Qxd4 Nxd4 13. Bd1 Be7 14. Be3
Nc6 15. Nb5 O-O 16. Ba4 a6 17. Nd6 Bxd6 18. exd6 Ne5 19. Bxd7 Nxd7 20. Rac1
Rac8 21. Rc7 Rxc7 22. dxc7 Rc8 23. Rc1 Ne5 24. Rc2 Nc6 25. Bb6 Kf8 26. Kf1 Ke8
27. a3 Kd7 28. Ke2 Ne5 29. b3 f6 30. b4 Nc4 31. Bd4 Rxc7 32. Rc3 b6 33. Rg3 Kd6
34. Rh3 e5 35. Ba1 h6 36. Rb3 b5 37. g3 d4 38. Kd3 Kd5 39. f3 f5 0-1

[Event "DEM U10/U10w 2015"]
[Site "Willingen GER"]
[Date "2015.05.26"]
[Round "5"]
[White "Simukov, Erik"]
[Black "Bui, Bao Anh Le"]
[Result "0-1"]
[Termination "normal"]
[Board "4"]
[WhiteElo "1515"]
[BlackElo "1660"]
[WhiteClock "00:20:11"]
[BlackClock "00:12:33"]
[PlyCount "76"]
[WhiteFideId "12995380"]
[BlackFideId "12970719"]
[EventCountry "GER"]
[EventRounds "11"]
[EventType "swiss"]
[EventDate "2015.05.23"]

1. e4 c5 2. Nf3 d6 3. Bb5+ Bd7 4. Bxd7+ Nxd7 5. O-O Ngf6 6. Qe2 Rc8 7. c4 a6 8.
d4 cxd4 9. Nxd4 g6 10. Nc3 Bg7 11. Rd1 O-O 12. Kh1 Re8 13. f4 Qa5 14. Nd5 Qc5
15. Be3 Qxc4 16. Qxc4 Rxc4 17. Nc3 Nc5 18. e5 Ng4 19. Bg1 dxe5 20. fxe5 Bxe5
21. Nde2 Ne4 22. Nxe4 Rxe4 23. Nc3 Bxc3 24. bxc3 Rc4 25. h3 Nf6 26. Rd3 Ne4 27.
Rc1 Rec8 28. Bd4 e5 29. Be3 Rxc3 30. Rdxc3 Rxc3 31. Rxc3 Nxc3 32. a3 f5 33. g3
Kf7 34. Kg2 Ke6 35. Kf1 Kd5 36. Ke1 Ke4 37. Bd2 Nb1 38. Bc1 Kf3 0-1

[Event "DEM U10/U10w 2015"]
[Site "Willingen GER"]
[Date "2015.05.26"]
[Round "5"]
[White "Prieb, Robert"]
[Black "Bethke, Richard"]
[Result "0-1"]
[Termination "normal"]
[Board "5"]
[WhiteElo "1426"]
[BlackElo "1655"]
[WhiteClock "00:15:45"]
[BlackClock "00:55:20"]
[PlyCount "86"]
[WhiteFideId "16212002"]
[BlackFideId "12959243"]
[EventCountry "GER"]
[EventRounds "11"]
[EventType "swiss"]
[EventDate "2015.05.23"]

1. d4 d5 2. c4 e6 3. Nc3 Nf6 4. cxd5 exd5 5. Bg5 Nbd7 6. Nf3 c6 7. e3 Qa5 8.
Bd3 Ne4 9. Qc2 Ndf6 10. O-O Nxg5 11. Nxg5 h6 12. Nf3 Bd6 13. Rfe1 O-O 14. a3
Bg4 15. Nd2 Qc7 16. h3 Be6 17. Rac1 Qd7 18. Bf1 Bf5 19. Qb3 Bc7 20. Rcd1 Rfe8
21. Nf3 Rad8 22. Ne2 Ne4 23. Nc1 Qd6 24. Nd3 Ng5 25. Nfe5 f6 26. f4 fxe5 27.
dxe5 Qg6 28. fxg5 Bxd3 29. Bxd3 Qxg5 30. Qxb7 Qxe5 31. Kf1 d4 32. Qb3+ Kh8 33.
Bc2 Rf8+ 34. Ke2 Qg3 35. Rf1 Qxg2+ 36. Kd3 Rxf1 37. Rxf1 dxe3+ 38. Kxe3 Bb6+
39. Kf4 Qxf1+ 40. Kg3 Qf2+ 41. Kg4 Rd4+ 42. Kh5 Rh4+ 43. Kg6 Qf6# 0-1

[Event "DEM U10/U10w 2015"]
[Site "Willingen GER"]
[Date "2015.05.26"]
[Round "5"]
[White "Evering, Sören"]
[Black "Marschall, Tillmann"]
[Result "1/2-1/2"]
[Termination "normal"]
[Board "6"]
[WhiteElo "1712"]
[BlackElo "1423"]
[WhiteClock "00:19:38"]
[BlackClock "00:38:49"]
[PlyCount "60"]
[WhiteFideId "12974650"]
[BlackFideId "12973220"]
[EventCountry "GER"]
[EventRounds "11"]
[EventType "swiss"]
[EventDate "2015.05.23"]

1. e4 c6 2. d4 d5 3. exd5 cxd5 4. c4 Nf6 5. Nc3 Nc6 6. Nf3 Bg4 7. Be3 e6 8. c5
Be7 9. h3 Bh5 10. Be2 Bg6 11. O-O O-O 12. a3 Qd7 13. Re1 Ne4 14. Nxe4 Bxe4 15.
Bd3 Bf6 16. Ng5 Bxd3 17. Qxd3 g6 18. Nf3 e5 19. dxe5 Nxe5 20. Nxe5 Bxe5 21. Bd4
Bxd4 22. Qxd4 Rfe8 23. Red1 Rad8 24. Rd2 Re4 25. Qd3 Qe6 26. Kf1 Re8 27. Rdd1
Re2 28. b4 Qf6 29. Qxe2 Rxe2 30. Kxe2 Qe5+ 1/2-1/2

[Event "DEM U10/U10w 2015"]
[Site "Willingen GER"]
[Date "2015.05.26"]
[Round "5"]
[White "Hommer, Jeremy"]
[Black "Kosev, Momchil"]
[Result "1/2-1/2"]
[Termination "normal"]
[Board "7"]
[WhiteElo "1570"]
[BlackElo "1391"]
[WhiteClock "00:10:33"]
[BlackClock "00:20:12"]
[PlyCount "106"]
[WhiteFideId "12992577"]
[BlackFideId "12975982"]
[EventCountry "GER"]
[EventRounds "11"]
[EventType "swiss"]
[EventDate "2015.05.23"]

1. Nf3 c5 2. g3 Nf6 3. Bg2 g6 4. O-O Bg7 5. d4 cxd4 6. Nxd4 O-O 7. c4 Nc6 8.
Nc3 Qb6 9. Nxc6 bxc6 10. Rb1 a5 11. a3 Ba6 12. Na4 Qc7 13. c5 d5 14. cxd6 exd6
15. Bf4 Rad8 16. Qc2 c5 17. Rbc1 Qe7 18. Bf3 Bb7 19. Bxb7 Qxb7 20. Rfd1 Qe7 21.
Rd2 Ne4 22. Rd3 Be5 23. Re3 Bxf4 24. Rxe4 Qxe4 25. Qxe4 Bxc1 26. e3 Rfe8 27.
Qc2 Bxe3 28. fxe3 Rxe3 29. Qd2 Ree8 30. Kf2 d5 31. Nxc5 d4 32. Nd3 a4 33. Qa5
Ra8 34. Qb4 Red8 35. Ke2 Kg7 36. Kd2 h6 37. Ne1 Kh7 38. Kd3 Ra7 39. Nf3 Kg7 40.
Nxd4 h5 41. Qc3 Rad7 42. Qc4 Rxd4+ 43. Qxd4+ Rxd4+ 44. Kxd4 Kf6 45. Kc4 Kf5 46.
Kb4 Kg4 47. Kxa4 Kh3 48. Kb5 Kxh2 49. a4 Kxg3 50. a5 h4 51. a6 f5 52. a7 f4 53.
a8=Q f3 1/2-1/2

[Event "DEM U10/U10w 2015"]
[Site "Willingen GER"]
[Date "2015.05.26"]
[Round "5"]
[White "Lohvinov, Petro"]
[Black "Colbow, Collin"]
[Result "1/2-1/2"]
[Termination "normal"]
[Board "8"]
[WhiteElo "1418"]
[BlackElo "1489"]
[WhiteClock "00:05:22"]
[BlackClock "00:06:34"]
[PlyCount "83"]
[WhiteFideId "14176661"]
[BlackFideId "16201132"]
[EventCountry "GER"]
[EventRounds "11"]
[EventType "swiss"]
[EventDate "2015.05.23"]

1. e4 e5 2. Nf3 Nc6 3. d4 exd4 4. Nxd4 Nf6 5. Nxc6 bxc6 6. e5 Qe7 7. Qe2 Nd5 8.
c4 Ba6 9. Nd2 g6 10. Qe4 Nb6 11. b3 Bg7 12. Bb2 O-O 13. O-O-O Qc5 14. Qd4 Qxd4
15. Bxd4 Bb7 16. Nf3 Rad8 17. Bd3 d6 18. Bc2 Rfe8 19. exd6 cxd6 20. Bxg7 Kxg7
21. Rhe1 Rxe1 22. Rxe1 Kf8 23. Ng5 h6 24. Ne4 Re8 25. Rd1 d5 26. Nd6 Re7 27.
Nxb7 Rxb7 28. cxd5 cxd5 29. Rd4 Re7 30. Kd2 Kg7 31. Bd1 Re4 32. Rd3 f5 33. Bf3
Re5 34. Rc3 Re7 35. Rc6 Rd7 36. Kd3 g5 37. h3 d4 38. Bh5 Nd5 39. Kd2 Nf6 40.
Bf3 g4 41. hxg4 fxg4 42. Bd1 1/2-1/2

[Event "DEM U10/U10w 2015"]
[Site "Willingen GER"]
[Date "2015.05.26"]
[Round "5"]
[White "Ziegenfuß, Antonia"]
[Black "Hetzner, Hannes"]
[Result "0-1"]
[Termination "normal"]
[Board "9"]
[WhiteElo "1627"]
[BlackElo "1361"]
[PlyCount "112"]
[WhiteFideId "12962554"]
[BlackFideId "16211936"]
[EventCountry "GER"]
[EventRounds "11"]
[EventType "swiss"]
[EventDate "2015.05.23"]

1. e4 e6 2. Qe2 Be7 3. Nf3 d5 4. d3 Nc6 5. g3 Nf6 6. Bg2 O-O 7. O-O e5 8. Re1
dxe4 9. dxe4 Bg4 10. c3 Bc5 11. h3 Bh5 12. Bg5 Qe7 13. Nbd2 Rad8 14. Rad1 h6
15. Bxf6 Qxf6 16. Nf1 Qe6 17. g4 Bg6 18. Ng3 Qxa2 19. Nf5 Bxf5 20. gxf5 Bb6 21.
Nh4 a5 22. Qg4 Qxb2 23. f6 Qxf2+ 24. Kh1 Qxf6 25. Rf1 Rxd1 26. Rxd1 Qg5 27.
Qxg5 hxg5 28. Nf3 f6 29. Bf1 a4 30. Ra1 Ra8 31. Bb5 a3 32. Ne1 Kf7 33. Nc2 Bc5
34. Kg2 g6 35. Bd3 Nd8 36. Kf3 Ne6 37. Kg4 Nf4 38. Bc4+ Ke7 39. Bb3 Ne2 40. c4
Nd4 41. Nxd4 exd4 42. Ra2 Ke6 43. Bc2 c6 44. h4 gxh4 45. Kxh4 b5 46. cxb5 cxb5
47. Kg4 Ke5 48. Kf3 b4 49. Bb3 d3 50. Bc4 Kd4 51. Bb3 Kc3 52. Bd5 Ra7 53. Kg2
d2 54. Ra1 b3 55. Kf3 b2 56. Rb1 Kc2 0-1

[Event "DEM U10/U10w 2015"]
[Site "Willingen GER"]
[Date "2015.05.26"]
[Round "5"]
[White "Pubantz, Jan"]
[Black "Stockmann, Till"]
[Result "1-0"]
[Termination "normal"]
[Board "10"]
[WhiteElo "1363"]
[BlackElo "1442"]
[PlyCount "35"]
[WhiteFideId "12996114"]
[BlackFideId "12979341"]
[EventCountry "GER"]
[EventRounds "11"]
[EventType "swiss"]
[EventDate "2015.05.23"]

1. e4 e5 2. Nf3 Nc6 3. Bc4 Bc5 4. b4 Bxb4 5. c3 Ba5 6. d4 exd4 7. O-O d6 8. Qb3
Qe7 9. e5 Nxe5 10. Nxe5 dxe5 11. Qb5+ c6 12. Qxa5 b5 13. Bb3 d3 14. Ba3 Qb7 15.
Re1 f6 16. Qb4 Bf5 17. Qf8+ Kd7 18. Qxg7+ 1-0

[Event "DEM U10/U10w 2015"]
[Site "Willingen GER"]
[Date "2015.05.26"]
[Round "5"]
[White "Musiolik, David"]
[Black "Henzgen, Nick"]
[Result "1-0"]
[Termination "normal"]
[Board "11"]
[WhiteElo "1629"]
[BlackElo "1269"]
[PlyCount "91"]
[WhiteFideId "12972355"]
[BlackFideId "16212347"]
[EventCountry "GER"]
[EventRounds "11"]
[EventType "swiss"]
[EventDate "2015.05.23"]

1. e4 e5 2. Nf3 Nc6 3. Nc3 Nf6 4. d4 exd4 5. Nxd4 Bc5 6. Nxc6 bxc6 7. Bd3 d6 8.
O-O O-O 9. Bg5 Qe7 10. Qd2 Qe5 11. Bf4 Qe8 12. Rfe1 Be6 13. Be3 Bb6 14. f3 d5
15. Bxb6 cxb6 16. e5 Nd7 17. f4 Nc5 18. f5 Nxd3 19. Qxd3 d4 20. fxe6 dxc3 21.
exf7+ Qxf7 22. Qxc3 Qf2+ 23. Kh1 Rae8 24. e6 c5 25. e7 Rf6 26. Qc4+ Kh8 27. Qb5
Ref8 28. exf8=Q+ Rxf8 29. Rf1 Qxf1+ 30. Rxf1 Rd8 31. Qd7 Rg8 32. Qe7 h6 33. Rf8
Rxf8 34. Qxf8+ Kh7 35. Qf7 a6 36. g4 b5 37. h4 a5 38. g5 hxg5 39. hxg5 b4 40.
Kg2 a4 41. Kf3 c4 42. Kg4 c3 43. g6+ Kh6 44. Qf4+ Kxg6 45. Qf5+ Kh6 46. Qh5#
1-0

[Event "DEM U10/U10w 2015"]
[Site "Willingen GER"]
[Date "2015.05.26"]
[Round "5"]
[White "Haufe, Laurin"]
[Black "Pietsch, Julius"]
[Result "1-0"]
[Termination "normal"]
[Board "12"]
[WhiteElo "1575"]
[BlackElo "1202"]
[PlyCount "71"]
[WhiteFideId "12976504"]
[BlackFideId "12985660"]
[EventCountry "GER"]
[EventRounds "11"]
[EventType "swiss"]
[EventDate "2015.05.23"]

1. e4 c5 2. Nf3 d6 3. d4 cxd4 4. Nxd4 Nf6 5. Nc3 a6 6. Be3 e6 7. Be2 Be7 8. O-O
O-O 9. Qd2 Nc6 10. Rad1 Nxd4 11. Bxd4 Qc7 12. a3 b5 13. Bf3 Bb7 14. Qe3 Rfe8
15. Rfe1 Rad8 16. Bb6 Qb8 17. Bxd8 Rxd8 18. g3 Qc7 19. Bg2 h6 20. h3 Qc6 21.
Kh2 Re8 22. Rg1 Qc7 23. Rge1 Qc6 24. Bh1 Qc7 25. e5 Bxh1 26. exf6 Bxf6 27. Kxh1
d5 28. Nxd5 Qd8 29. Nxf6+ Qxf6 30. c3 Qf5 31. Kh2 e5 32. Rd6 a5 33. Red1 Qc8
34. Qd3 Qc5 35. Kg1 e4 36. Qd5 1-0

[Event "DEM U10/U10w 2015"]
[Site "Willingen GER"]
[Date "2015.05.26"]
[Round "5"]
[White "Zeuner, Ole"]
[Black "Deutsch, Christoph"]
[Result "0-1"]
[Termination "normal"]
[Board "13"]
[WhiteElo "1484"]
[BlackElo "1291"]
[PlyCount "170"]
[WhiteFideId "12943576"]
[BlackFideId "16206878"]
[EventCountry "GER"]
[EventRounds "11"]
[EventType "swiss"]
[EventDate "2015.05.23"]

1. e4 e5 2. Nf3 Nc6 3. Bc4 Nf6 4. d3 h6 5. O-O Bc5 6. c3 d6 7. Bb3 O-O 8. Re1
Be6 9. d4 Bxb3 10. axb3 exd4 11. cxd4 Bb6 12. Nc3 Re8 13. Bf4 Nh5 14. Be3 Nf6
15. Bf4 a6 16. h3 Kf8 17. Rc1 Rc8 18. Qd3 Kg8 19. Kh2 Ra8 20. g4 Qc8 21. Rg1 g5
22. Be3 Kg7 23. Rg2 Nh7 24. Rcg1 Nb4 25. Qd1 Nc6 26. Ne1 Qd7 27. Nc2 Nf6 28.
Qd3 Rad8 29. f4 Nh7 30. Qd2 f6 31. h4 Qe7 32. Ne1 Ba5 33. Qc2 Bxc3 34. bxc3
Qxe4 35. Qxe4 Rxe4 36. Bd2 gxf4 37. Nd3 f3 38. Rf2 Re2 39. Rg3 Rxf2+ 40. Nxf2
Re8 41. Rxf3 Re2 42. Bf4 Nf8 43. Kg3 Ng6 44. Nd1 Nxf4 45. Kxf4 Ne7 46. h5 Nd5+
47. Kg3 c6 48. c4 Ne7 49. Nf2 d5 50. c5 Rd2 51. Rf4 Kf7 52. Kf3 Kg7 53. Kg2 Nc8
54. Kf1 Na7 55. Ke1 Rb2 56. Rf3 Nb5 57. Rd3 Rb1+ 58. Ke2 Rb2+ 59. Kf3 Rxb3 60.
Ke2 Rxd3 61. Kxd3 Na3 62. Nh1 Nc4 63. Ng3 Nb2+ 64. Kc2 Nc4 65. Nf5+ Kh7 66. Kc3
a5 67. Nd6 Kg7 68. Nxc4 dxc4 69. Kxc4 Kf7 70. Kb3 Ke6 71. Ka4 Kd5 72. Kxa5 Kxd4
73. Kb4 Kd5 74. Kb3 Kxc5 75. Kc3 b5 76. Kb3 Kd4 77. Kb2 c5 78. Kc2 b4 79. Kb2
Kd3 80. Kb1 c4 81. g5 fxg5 82. Kb2 c3+ 83. Kb1 Kd2 84. Ka2 c2 85. Kb3 c1=Q 0-1

[Event "DEM U10/U10w 2015"]
[Site "Willingen GER"]
[Date "2015.05.26"]
[Round "5"]
[White "Lutz, Adam"]
[Black "von Rosen, Jakob"]
[Result "1-0"]
[Termination "normal"]
[Board "14"]
[WhiteElo "1481"]
[BlackElo "1124"]
[PlyCount "49"]
[WhiteFideId "16226615"]
[BlackFideId "12982989"]
[EventCountry "GER"]
[EventRounds "11"]
[EventType "swiss"]
[EventDate "2015.05.23"]

1. e4 c5 2. Nf3 d6 3. d4 cxd4 4. Nxd4 Nf6 5. Nc3 g6 6. Be3 Bg7 7. f3 O-O 8. Qd2
Nc6 9. Bc4 Bd7 10. h4 h5 11. O-O-O a6 12. Rdg1 Rc8 13. Bb3 Ne5 14. g4 Nc4 15.
Bxc4 Rxc4 16. Nf5 Bh8 17. gxh5 Nxh5 18. Rg5 Kh7 19. Rxh5+ gxh5 20. Bb6 Bg7 21.
Bxd8 Bxf5 22. Kb1 Rxd8 23. exf5 Rdc8 24. Rg1 Bh6 25. Qd3 1-0

[Event "DEM U10/U10w 2015"]
[Site "Willingen GER"]
[Date "2015.05.26"]
[Round "5"]
[White "Jahrke, Jonas"]
[Black "Breß, Aaron"]
[Result "1/2-1/2"]
[Termination "normal"]
[Board "15"]
[WhiteElo "1372"]
[BlackElo "1674"]
[PlyCount "113"]
[WhiteFideId "12984353"]
[BlackFideId "12996432"]
[EventCountry "GER"]
[EventRounds "11"]
[EventType "swiss"]
[EventDate "2015.05.23"]

1. Nf3 c5 2. g3 Nc6 3. c4 g6 4. Bg2 Bg7 5. O-O Nf6 6. Nc3 O-O 7. d3 d6 8. Qc2
Bg4 9. h3 Bxf3 10. exf3 Qd7 11. Be3 Rab8 12. a3 a6 13. f4 Rfc8 14. Rab1 b5 15.
Rfe1 e6 16. b3 Ne7 17. Ne4 Nxe4 18. dxe4 Qc7 19. Red1 b4 20. a4 Nc6 21. Rd3 Nd4
22. Bxd4 Bxd4 23. Rbd1 a5 24. Kf1 Rf8 25. Qe2 f6 26. Qg4 Qd7 27. h4 Qf7 28. h5
Kh8 29. hxg6 hxg6 30. Ke2 Kg7 31. Rh1 Rh8 32. Rdd1 Rbg8 33. Bh3 Re8 34. Bg2
Reg8 35. Rh3 Rxh3 36. Bxh3 f5 37. exf5 exf5 38. Qf3 Qe6+ 39. Kf1 Re8 40. Kg2
Qe2 41. Rd3 Re7 42. Qxe2 Rxe2 43. Rf3 Kf6 44. Kf1 Rb2 45. g4 Rc2 46. g5+ Ke6
47. Ke1 Rb2 48. Bg2 Ra2 49. Bf1 d5 50. Be2 Ra1+ 51. Kd2 Ra2+ 52. Kd1 dxc4 53.
Bxc4+ Kd6 54. Ke1 Ke7 55. Kf1 Ra1+ 56. Kg2 Ra2 57. Kg3 1/2-1/2

[Event "DEM U10/U10w 2015"]
[Site "Willingen GER"]
[Date "2015.05.26"]
[Round "5"]
[White "Kruse, Kilian"]
[Black "Toval, David"]
[Result "0-1"]
[Termination "normal"]
[Board "16"]
[WhiteElo "1346"]
[BlackElo "1528"]
[PlyCount "120"]
[WhiteFideId "16205413"]
[BlackFideId "12992755"]
[EventCountry "GER"]
[EventRounds "11"]
[EventType "swiss"]
[EventDate "2015.05.23"]

1. Nf3 Nf6 2. c4 e6 3. Nc3 Bb4 4. d4 b6 5. g3 Bb7 6. Bg2 O-O 7. Bg5 h6 8. Bd2
d6 9. O-O Nbd7 10. a3 Bxc3 11. Bxc3 Ne4 12. Qc2 f5 13. Rad1 Qe7 14. d5 e5 15.
Nh4 Rf6 16. Nxf5 Rxf5 17. Qxe4 Raf8 18. b4 Qf7 19. Bh3 Rxf2 20. Be6 Rxf1+ 21.
Rxf1 Qxe6 22. Rxf8+ Nxf8 23. dxe6 Bxe4 24. e7 Bg6 25. exf8=Q+ Kxf8 26. Kf2 Bf7
27. c5 g5 28. Kf3 h5 29. h3 Ke7 30. h4 g4+ 31. Ke3 Ke6 32. cxd6 cxd6 33. a4 a6
34. a5 b5 35. Bd2 Bg6 36. Be1 Kd5 37. Bd2 Kc4 38. Be1 d5 39. Kf2 d4 40. e3 Kd3
41. exd4 exd4 42. Kf1 Be4 43. Kf2 Bf3 44. Kf1 Kc2 45. Kf2 Kd1 46. Kf1 Be2+ 47.
Kf2 d3 48. Bc3 Kc2 49. Be1 d2 50. Kxe2 d1=Q+ 51. Kf1 Qf3+ 52. Kg1 Qe2 53. Bf2
Kd2 54. Kh1 Qf1+ 55. Kh2 Qxf2+ 56. Kh1 Qf3+ 57. Kh2 Qe2+ 58. Kg1 Ke3 59. Kh1
Kf3 60. Kg1 Qg2# 0-1

[Event "DEM U10/U10w 2015"]
[Site "Willingen GER"]
[Date "2015.05.26"]
[Round "5"]
[White "Nguyen, Phuong Thao Vivien"]
[Black "Röhr, Oliver"]
[Result "0-1"]
[Termination "normal"]
[Board "17"]
[WhiteElo "1195"]
[BlackElo "1453"]
[PlyCount "52"]
[WhiteFideId "16210735"]
[BlackFideId "12987697"]
[EventCountry "GER"]
[EventRounds "11"]
[EventType "swiss"]
[EventDate "2015.05.23"]

1. e4 e5 2. Nf3 Nc6 3. Bc4 Bc5 4. O-O d6 5. c3 Be6 6. Bxe6 fxe6 7. a4 a5 8. d3
Nge7 9. Be3 Ba7 10. Qb3 Qc8 11. Nbd2 O-O 12. Rac1 h6 13. d4 Kh8 14. Qc2 Qe8 15.
Rfd1 Ng6 16. Nf1 Rf6 17. Ng3 Qe7 18. Nh5 Rf7 19. d5 Nd8 20. Qd2 Kh7 21. c4 Rxf3
22. gxf3 Qh4 23. Ng3 Qh3 24. Qe1 Nh4 25. Qf1 Nxf3+ 26. Kh1 Qxh2# 0-1

[Event "DEM U10/U10w 2015"]
[Site "Willingen GER"]
[Date "2015.05.26"]
[Round "5"]
[White "Laux, Dominik"]
[Black "Schmidt, Pauline"]
[Result "1-0"]
[Termination "normal"]
[Board "18"]
[WhiteElo "1273"]
[BlackElo "1184"]
[PlyCount "57"]
[WhiteFideId "12994219"]
[BlackFideId "16209850"]
[EventCountry "GER"]
[EventRounds "11"]
[EventType "swiss"]
[EventDate "2015.05.23"]

1. d4 Nf6 2. Nf3 g6 3. Bf4 Bg7 4. h3 d6 5. e3 O-O 6. Nbd2 Nbd7 7. Be2 Qe8 8.
Bh2 e5 9. dxe5 dxe5 10. c3 e4 11. Nd4 Qd8 12. Nb5 Qe7 13. Nxc7 Rb8 14. Nb5 Ne5
15. Nxa7 Ra8 16. Nb5 Nd3+ 17. Bxd3 exd3 18. Bd6 Qd7 19. Bxf8 Qxb5 20. Bxg7 Kxg7
21. Qb3 Qxb3 22. Nxb3 Be6 23. O-O Ne4 24. Rfd1 Rd8 25. Nd4 d2 26. f3 Nd6 27.
Rxd2 Nc4 28. Nxe6+ fxe6 29. Rxd8 1-0

[Event "DEM U10/U10w 2015"]
[Site "Willingen GER"]
[Date "2015.05.26"]
[Round "5"]
[White "Rempe, Jonas"]
[Black "Huo, Da"]
[Result "1/2-1/2"]
[Termination "normal"]
[Board "19"]
[WhiteElo "1292"]
[BlackElo "1179"]
[PlyCount "51"]
[WhiteFideId "16202406"]
[BlackFideId "16221206"]
[EventCountry "GER"]
[EventRounds "11"]
[EventType "swiss"]
[EventDate "2015.05.23"]

1. e4 e5 2. Nf3 Nc6 3. Bc4 Bc5 4. c3 Nf6 5. d4 exd4 6. cxd4 Bb4+ 7. Bd2 Bxd2+
8. Nbxd2 d5 9. exd5 Nxd5 10. O-O O-O 11. Re1 Bg4 12. Nb3 Nb6 13. Be2 Qf6 14.
Ne5 Bxe2 15. Rxe2 Nxe5 16. dxe5 Qe7 17. Rc1 c6 18. Nc5 Rad8 19. Qe1 Rd5 20. e6
f6 21. Rec2 Rfd8 22. a4 a5 23. h3 Qc7 24. e7 Re8 25. Qe6+ Kh8 26. Re1 1/2-1/2

[Event "DEM U10/U10w 2015"]
[Site "Willingen GER"]
[Date "2015.05.26"]
[Round "5"]
[White "Rockmann, Enno"]
[Black "Stillbauer, Jan"]
[Result "1-0"]
[Termination "normal"]
[Board "20"]
[WhiteElo "1269"]
[BlackElo "1146"]
[PlyCount "149"]
[WhiteFideId "12982920"]
[BlackFideId "16239393"]
[EventCountry "GER"]
[EventRounds "11"]
[EventType "swiss"]
[EventDate "2015.05.23"]

1. e4 e5 2. Nf3 Nc6 3. Bc4 Nf6 4. Ng5 d5 5. exd5 Na5 6. Bb5+ c6 7. dxc6 bxc6 8.
Be2 h6 9. Nf3 e4 10. Ne5 Bd6 11. d4 exd3 12. Nxd3 Qc7 13. h3 O-O 14. O-O Bf5
15. Nc3 Rfe8 16. Be3 Nc4 17. b3 Nb6 18. Re1 Rad8 19. Qd2 Bb4 20. Bf4 Qb7 21. a3
Be7 22. b4 Nc4 23. Qc1 Qb6 24. Ne5 Nxe5 25. Bxe5 a5 26. bxa5 Qxa5 27. Qf4 Bxc2
28. Rec1 Bg6 29. Bc7 Qg5 30. Qxg5 hxg5 31. Bxd8 Rxd8 32. a4 Bb4 33. Na2 c5 34.
Nxb4 cxb4 35. Bd1 Rb8 36. Bb3 Kf8 37. Rc5 Bd3 38. Rxg5 Ne4 39. Rh5 Kg8 40. Rd1
Be2 41. Re1 Bxh5 42. Rxe4 Bg6 43. Rd4 Kf8 44. Rd5 Ke7 45. Kf1 Ke8 46. Ke2 f6
47. Rb5 Rxb5 48. axb5 Kd7 49. Ke3 Kc7 50. Kd4 Kb6 51. Kc4 Bf7+ 52. Kxb4 Bxb3
53. Kxb3 Kxb5 54. Kc3 Kc5 55. Kd3 Kd5 56. Ke3 Ke5 57. f4+ Kf5 58. g4+ Kg6 59.
Ke4 Kh6 60. Kf5 Kh7 61. h4 Kh6 62. Ke6 g5 63. hxg5+ fxg5 64. f5 Kh7 65. Kf6 Kh6
66. Kf7 Kh7 67. f6 Kh8 68. Kf8 Kh7 69. f7 Kh8 70. Ke7 Kh7 71. f8=Q Kg6 72. Qf6+
Kh7 73. Qxg5 Kh8 74. Kf7 Kh7 75. Qg7# 1-0

[Event "DEM U10/U10w 2015"]
[Site "Willingen GER"]
[Date "2015.05.26"]
[Round "5"]
[White "Rashba, David"]
[Black "Farokhi, Keyvan"]
[Result "1/2-1/2"]
[Termination "normal"]
[Board "21"]
[WhiteElo "1130"]
[BlackElo "1262"]
[PlyCount "108"]
[WhiteFideId "16205499"]
[BlackFideId "12998630"]
[EventCountry "GER"]
[EventRounds "11"]
[EventType "swiss"]
[EventDate "2015.05.23"]

1. e4 e5 2. Nf3 Nc6 3. d4 exd4 4. Nxd4 Bc5 5. Be3 Qf6 6. c3 Nge7 7. Bc4 O-O 8.
O-O Qg6 9. f3 d6 10. Na3 Bh3 11. Rf2 a6 12. Nac2 Rfe8 13. Kf1 Bd7 14. Qd2 Ne5
15. Be2 Qh5 16. Kg1 d5 17. f4 Ng4 18. h3 dxe4 19. Bxg4 Bxg4 20. hxg4 Qxg4 21.
Qe2 Qh4 22. Qe1 Bxd4 23. Nxd4 c5 24. Ne2 Rac8 25. Rf1 Qh5 26. Ng3 Qg6 27. f5
Qc6 28. c4 Rcd8 29. Rd1 Qa4 30. Rxd8 Rxd8 31. Bxc5 Nc6 32. Qxe4 Qxa2 33. b4 Qb3
34. Kh2 Qa3 35. Rd1 Rc8 36. Qd5 Qb3 37. Qd3 Qa4 38. b5 axb5 39. cxb5 Qh4+ 40.
Kg1 Ne5 41. Qd4 Nf3+ 42. gxf3 Qxg3+ 43. Kf1 Qxf3+ 44. Kg1 Qg3+ 45. Kf1 Qf3+ 46.
Kg1 Qg3+ 47. Kh1 Qh3+ 48. Kg1 Qg3+ 49. Kf1 Qf3+ 50. Kg1 Qg3+ 51. Kh1 Qh3+ 52.
Kg1 Qg3+ 53. Kf1 Qf3+ 54. Kg1 Qg3+ 1/2-1/2